000 00761nam a2200265Ia 4500
003 GCL
008 140319s9999 xx 000 0 ara d
040 _aGCL /
_cGCL
082 0 4 _a658.4
_bم م
100 1 _aموريس, مايكل
245 1 0 _aالمدير لاول مرة /
_cموريس, مايكل
700 1 _aمعتصم الفاضل الجلابى
700 1 _aيوسف محمد القبلان
260 _a[S.N] :
_bمطابع اطلس ،
_c1994
300 _a242 ص
490 _a
650 0 4 _aالادارة
650 0 4 _aالتسويق
650 0 4 _aالمحاسبة
650 0 4 _aادارة الانتاج
650 0 4 _aادارة الافراد
650 0 4 _aالرؤساء
650 0 4 _aالمديريون
942 _2ddc
_cBK
999 _c30170
_d30170